000 00947nam a2200253 4500
001 145008
003 ES-MaACL
005 20230906201138.0
007 t|
008 070214s1959 sp r ||||1| spa d
100 1 _aSnoeck, Andreas.
_9106966
245 1 0 _aConfesión y psicoanálisis /
_cAndreas Snoeck ; con un estudio adicional de J. M. Hollenbach, S. J., sobre la culpa y neurosis ; traducción del neerlandés por Const. Ruiz-Garrido.
260 _aMadrid :
_bFax,
_c1959 (
_fBolaños y Aguilar)
300 _a206 p. ;
_c20 cm.
490 1 _aPsicología, Medicina, Pastoral ;
_v19
500 _aTraducción de: Biecht en Psychoanalyse.
700 1 _aHollenbach, J. M.
_964032
700 1 _aRuiz-Garrido, Constantino.
_9100816
740 0 _aBiecht en Psychoanalyse.
740 0 _aCulpa y neurosis.
830 0 _aPsicología, Medicina, Pastoral ;
_v19
_9180800
852 _aES-MaACL
_jC-17255
_bR.45089
999 _c145008
_d145008